|
|
|
|
| LEADER |
00000nas a2200000 a 4500 |
| 001 |
ssj0000779024 |
| 003 |
WaSeSS |
| 005 |
20200512172242.0 |
| 006 |
m d |
| 007 |
cr n |
| 008 |
120508c20109999rm fr p s | 0eng c |
| 010 |
|
|
|a 2012261159
|
| 022 |
|
|
|a 2069-0983
|l 2069-0983
|
| 035 |
|
|
|a (WaSeSS)ssj0000779024
|
| 040 |
|
|
|a HNK
|b eng
|c HNK
|d HNK
|d OCLCF
|d CUS
|d OCLCO
|d CUS
|d OCLCQ
|d CUS
|d AU@
|d WaSeSS
|
| 042 |
|
|
|a pcc
|
| 050 |
1 |
4 |
|a HJ192.5
|b .P7593
|
| 210 |
0 |
|
|a Rom. J. Fisc. Policy
|
| 222 |
|
0 |
|a Romanian Journal of Fiscal Policy
|
| 245 |
0 |
0 |
|a Romanian journal of fiscal policy
|h [electronic resource].
|
| 246 |
1 |
3 |
|a RJFP
|
| 260 |
|
|
|a [București] :
|b [Romanian Journal of Fiscal Policy]
|
| 310 |
|
|
|a Semiannual
|
| 362 |
1 |
|
|a Began with vol. 1, no. 1 (July/Dec. 2010).
|
| 506 |
|
|
|a License restrictions may limit access.
|
| 588 |
|
|
|a Description based on: Vol. 1, no. 1 (July/Dec. 2010); title from journal home page (publisher's Web site, viewed May 8, 2012).
|
| 588 |
|
|
|a Latest issue consulted: Vol. 2, no. 2 (July/Dec. 2011) (viewed May 8, 2012).
|
| 650 |
|
0 |
|a Fiscal policy
|v Periodicals.
|
| 650 |
|
0 |
|a Finance, Public
|v Periodicals.
|
| 650 |
|
0 |
|a Economics
|v Periodicals.
|
| 650 |
|
7 |
|a Economics.
|2 fast
|0 (OCoLC)fst00902116
|
| 650 |
|
7 |
|a Finance, Public.
|2 fast
|0 (OCoLC)fst00924477
|
| 650 |
|
7 |
|a Fiscal policy.
|2 fast
|0 (OCoLC)fst00925806
|
| 655 |
|
0 |
|a Electronic journals.
|
| 856 |
4 |
0 |
|z Full text available from Research Library: 01/01/2013 to present
|u https://search.proquest.com/publication/2035064
|